000 00705nam a22002177a 4500
999 _c167327
_d167327
005 20220217143010.0
010 _aENG-126351
020 _a978-0-19-949285-5
_c695.00
035 _aEN-109883
037 _bDBAD/PUB
082 _aN
100 _aRao,Gulvadi Venkata
245 _aIndira Bai:
_bThe Triumph of Truth and Virtue/
_cby Gulvadi Venkata Rao; translated by Vanamala Viswanatha [and] Shivarama Padikkal
260 _aNew Delhi
_bOxford University Press
_c2019
270 _bDaryaganj
_e110002
_a2/11 Ground Floor, Ansari Road
300 _axxxi232p.
_c22cm(pbk)
650 _aENGLISH NOVEL
700 _aViswanatha, Vanamala
700 _aPadikkal, Shivarama
942 _2ddc
_cEN
_hN
_mRAO